000 00262nam a2200097Ia 4500
001 1250813
005 20251031150903.0
008 251031s9999 xx 000 0 und d
245 0 _cÖZLEM DALKILIÇ
_aH-5 DÖNÜŞÜMÜN SIRLI KAPILARI
260 _bDESTEK YAYINLARI
999 _c1250813
_d1250813